1530 1072 1065 1037 1540 1679 1984 1696 1690 1166 1501 1293 1797 1455 1484 1890 1333 1365 1057 1522 1377 1087 1192 1569 1496 1456 1691 1708 1756 1299 1837 1253 1150 1569 1021 1806 1291 1760 1676 1366 1063 1167 1572 1241 1037 1567 1729 1043 1440 1087 1702 1861 1786 1477 1950 1633 1666 1767 1676 1565 1549 1586 1953 1158 1240 1854 1139 1936 1335 1387 1255 1298 1821 1158 1073 1208 1856 1902 1423 1201 1304 1607 1770 1368 1955 1390 1775 1131 1754 1091 1013 1450 1094 1678 1410 1182 1934 1158 1331 BCNSPRNW ULIB Ver.6.0+V

เปลี่ยนเป็นภาษาไทย

Change to English
 แสดงรายละเอียดบรรณานุกรม
  กลับหน้าหลัก

Brief Record : Get Marc (ISO 2709) : E-mail record : QR code < ปิดหน้าต่าง
LEADER : 00000nam 2200000uu 4500
001    13399128654
003     ULIB
008    230925s||||||||th 000 0 tha d
020    ^a9786168313121
060 04 ^aWK818^bท331ห
100 1  ^aทอบส์, แกรี
245 10 ^aหวานซ่อนตาย :^bเปิดโปงวายร้ายสุขภาพในคราบน้ำตาล = The caseagainst sugar /^cGary Taubes ; แปลโดย ลลิตา ผลผลา
246 31 ^aThe case against sugar
250    ^aพิมพ์ครั้งที่ 1
260    ^aกรุงเทพฯ :^bบุ๊คสเคป,^c2565
300    ^a463 หน้า ;^c21 ซม.
505 0  ^aเหตุใดจึงเป็นโรคเบาหวาน -- ยาเสพติดหรืออาหาร -- 10,000 ปีแรก --เมื่อยาสูบจับคู่กับน้ำตาล -- ความชั่วร้ายที่แปลกพิลึก -- วิทยาศาสตร์ (วิบัติ)ยุคแรก -- ของขวัญที่ยังความชื่นใจไม่เสื่อมคลาย --อุตสาหกรรมน้ำตาลผู้ทรงอิทธิพล -- การแก้ต่างให้น้ำตาล --สิ่งที่พวกเขาไม่รู้ -- โจทย์แบบถ้า/แล้ว: 1 -- โจทย์แบบถ้า/แล้ว: 2
650  4 ^aน้ำตาล^xการบริโภค
650  4 ^aน้ำตาล^xแง่อนามัย
650  4 ^aโรคเกิดจากภาวะโภชนาการ
700 0  ^aลลิตา ผลผลา,^eผู้แปล
700 12 ^aTaubes, Gary,^tThe case against sugar
945    ^p0^l0^i30012
945    ^p0^l0^i30013
999    ^aกัณชพร จุลอักษร
รายการนี้ยังไม่มีแท็ก
คุณยังไม่ได้ล็อกอิน คุณสามารถมีกิจกรรมร่วมกับเว็บไซต์ได้ แต่ต้องล็อกอินก่อน ::
  ล็อกอิน

รายการสื่อสารสนเทศ

ลำดับที่ ประเภท เลขเรียก/บาร์โค้ด สถานที่ สถานะ
1. หนังสือสำรอง
หนังสือสำรอง
WK818 ท331ห ฉ.1 
  Barcode: 30012
ห้องสมุดวิทยาเขตนครสวรรค์
►หนังสือทั่วไป:l:General Books
บนชั้น
2. วิทยาศาสตร์การแพทย์ และสุขภาพ
วิทยาศาสตร์การแพทย์ และสุขภาพ
WK818 ท331ห ฉ.2 
  Barcode: 30013
ห้องสมุดวิทยาเขตนครสวรรค์
►หนังสือทั่วไป:l:General Books
บนชั้น

รายการใกล้เคียง
    ผู้แต่ง [ทอบส์, แกรี]

    หัวเรื่อง [โรคเกิดจากภาวะโภชนาการ]

BibComment


ยังไม่เคยถูกคอมเมนท์

คอมเมนท์ทรัพยากรรายการนี้
  คอมเมนท์: หวานซ่อนตาย เปิ..


 Copyright 2026. Bcnsprnw @Library